00499nam a2200193 a 4500001001300000003000900013005001700022008004100039020001000080082001600090100002300106245002000129260003900149300000900188500003500197505003500232650001500267700002300282nice12345678IN_TiNIC20260116012851.0050524s1352 luca grp 000 0 urd  ac10000a297.64bMAH aMahdi M, Syed Agha aAli Aur Ka`aba. aLucknowbSarfraz Qaumi Pressc1352 a44p. aincludes index and biblioraphy2 aHebrew Grammar {New Testament} aAli-Caliph1 aMahdi M, Syed Agha